| 000 | 00676nam a2200229 a 4500 | ||
|---|---|---|---|
| 005 | 20240320063701.0 | ||
| 008 | 040303s2002 mx r 000 0 spa d | ||
| 020 | _a8466305858 | ||
| 035 | _aUPN01000132419 | ||
| 049 | _aCG | ||
| 050 | 4 |
_aPS3566 U9 _bU4 |
|
| 100 | 1 |
_aPuzo, Mario, _d1920-1999 _938692 |
|
| 245 | 1 | 3 |
_aEl último Don / _cMario Puzo ; tr. Antonia Menini. |
| 260 |
_aMadrid : _bSuma de Letras, _c2002. |
||
| 300 | _a718 p. | ||
| 440 | 0 |
_aPunto de lectura ; _v161.3 |
|
| 534 |
_pTraducción de: _tThe last Don |
||
| 650 | 4 |
_aNovela estadounidense _94462 |
|
| 650 | 4 |
_aMAFIA - _vNOVELA _915965 |
|
| 650 | 4 |
_aCRIMEN ORGANIZADO - _vNOVELA _911420 |
|
| 905 | _aLibro | ||
| 999 |
_c104574 _d104574 |
||